000 00880nam a22002177a 4500
999 _c18940
_d18940
003 AR-CdUCM
008 190515b ||||| |||| 00| 0 spa d
040 _aMUNICIPALIDAD PROVINCIAL DEL CUSCO
_cBIBLIOTECA MUNICIPAL DEL CUSCO
082 _a947.31 /
_bC87
100 _aCrankshaw, Edward
_916223
245 _aLa nueva guerra fría :
_bMoscú contra Pekín /
260 _aBuenos Aires :
_bLos libros de vea y lea,
_c1963.
300 _a158 páginas ;
_bfotografías,
_c23.5 cm.
440 _aLos Libros de Vea y Lea.
_n2
_939871
505 _aContenido: El advenimiento de China roja -- Simientes de conflicto -- La línea de Jruschov -- Distintos países distintos caminos -- China dentro de Europa -- La declaración de Moscú 1957 ...
650 _aMoscú
_94830
650 _aConflictos
_920170
650 _aChina
_9843
942 _2ddc
_cLIBROS
945 _aachl
_d2019-05-15